000
00288nam a22001337a 4500
008
170612b xxu||||| |||| 00| 0 eng d
020
_a
9780826210678
041
_a
eng
080
_a
93
100
_a
19
101
_a
SHH
245
_a
WORKING WITH TRUMAN
_c
HECHLER, K
942
_2
udc
_c
BK
999
_c
17011
_d
17011